Statistics for Traveling Around the World by Time Zone

Click here to take the quiz!

General Stats

  • This quiz has been taken 1,552 times
  • The average score is 24 of 37

Answer Stats

Time ZoneType-insCountry% Correct
UTC±0:00Denmark, Ireland, Portugal, United Kingdom, Spain, Burkina Faso, Cote d'Ivoire, Gambia, Ghana, Guinea, Guinea-Bissau, Liberia, Mauritania, Mali, Senegal, Togo, Sierra Leone, Sao Tome, Iceland
99%
UTC+1:00Albania, Andorra, Austria, Belgium, Bosnia, Croatia, Czechia, Denmark, France, Germany, Hungary, Italy, Kosovo, Liechtenstein, Luxembourg, Malta, Monaco, Spain, Montenegro, Netherlands, North Macedonia, Poland Serbia, Slovakia, Slovenia, Sweden, Switzerland, United Kingdom, Vatican, Algeria, Angola, Benin, Cameroon, CAR, Chad, DRC, ROC, Gabon, Morocco, Niger, Tunisia, Equatorial Guinea
99%
UTC+2:00Russia, Egypt, Libya, Botswana, Burundi, DRC, Eswatini, Lesotho, Malawi, Mozambique, Namibia, Rwanda, South Africa, Zambia, Zimbabwe, Sudan, Bulgaria, Cyprus, UK, Estonia, Finland, Lativa, Lithuania, Greece, Moldova, Ukraine, Romania, Israel, Lebanon, Syria, Jordan
95%
UTC+3:00Belarus, Georgia, Russia, Ukraine, Turkey, Bahrain, Iraq, Kuwait, Qatar, Yemen, Saudi Arabia, Comoros, Eritrea, Ethiopia, Djibouti, France, Kenya, Madagascar, Somalia, South Africa, Tanzania, Uganda, South Sudan
93%
UTC+4:00Russia, Armenia, Azerbaijan, Georgia, Oman, UAE, Mauritius, Seychelles, France
82%
UTC+8:00Russia, China, Mongolia, Taiwan, Brunei, Indonesia, Malaysia, Philippines, Singapore, Australia
78%
UTC+9:00Russia, Japan, South Korea, North Korea, Indonesia, East Timor, Palau
77%
UTC+5:00Russia, Kazakhstan, Uzbekistan, Tajikistan, Turkmenistan, Pakistan, Maldives
77%
UTC+7:00Russia, Mongolia, Australia, Cambodia, Laos, Indonesia, Thailand, Vietnam
75%
UTC+6:00Russia, Kazakhstan, Kyrgyzstan, Bangladesh, United Kingdom, Bhutan
74%
UTC+10:00Russia, United States, Papua New Guinea, Micronesia
73%
UTC+12:00Russia, France, United States, Marshall Islands, Kiribati, Nauru, Fiji, New Zealand
72%
UTC−4:00Canada, Mexico, United States, Denmark, United Kingdom, Barbados, Antigua, Dominica, Dominican Republic, Grenada, France, Netherlands, St. Kitts/Nevis/Vincent, Trinidad, Venezuela, Chile, Paraguay, Bolivia, Brazil, Guyana
70%
UTC−5:00Canada, Mexico, United States, Jamaica, United Kingdom, Bahamas, Panama, Peru, Brazil, Colombia, Ecuador, Cuba, Haiti
69%
UTC+11:00Russia, France, Solomon Islands, Papua New Guinea, Australia, Micronesia, Vanuatu
69%
UTC−6:00Canada, Mexico, United States, Chile, Ecuador, Guatemala, Belize, Costa Rica, Nicaragua, Honduras, El Salvador
68%
UTC−8:00Canada, Mexico, United States, United Kingdom, France
68%
UTC−10:00United States
67%
UTC−7:00Canada, Mexico, United States
67%
UTC−12:00United States
66%
UTC−11:00United States
65%
UTC−9:00United States
64%
UTC−3:00Denmark, France, Argentina, Brazil, Chile, Suriname, United Kingdom, Uruguay
61%
UTC+5:30India, Sri Lanka
60%
UTC+13:00Kiribati, Tonga, Samoa, New Zealand
59%
UTC+3:30Iran
55%
UTC−1:00Denmark, Portugal, Cape Verde
53%
UTC−2:00Brazil, United Kingdom
53%
UTC+14:00Kiribati
51%
UTC+5:45Nepal
48%
UTC+6:30Myanmar, Australia
48%
UTC+9:30Australia
44%
UTC+10:30Australia
44%
UTC+4:30Afghanistan
42%
UTC−3:30Canada
34%
UTC+12:45New Zealand
31%
UTC−9:30France
30%

Score Distribution

Percentile by Number Answered

Percent of People with Each Score

Your Score History

You have not taken this quiz